5-Letter Words Ending With TH - Statistics

General Stats
  • This quiz has been taken 162 times
    139 since last reset
  • The average score is 17 of 33
Answer Stats
***th % Correct
worth
72%
birth
71%
south
69%
fifth
68%
forth
66%
north
66%
broth
63%
mouth
63%
girth
60%
tenth
60%
tooth
60%
death
59%
youth
55%
cloth
54%
month
54%
ninth
54%
teeth
54%
earth
53%
froth
53%
sixth
53%
wrath
53%
booth
50%
filth
48%
heath
48%
truth
43%
sloth
42%
mirth
40%
berth
38%
firth
38%
width
38%
depth
25%
faith
25%
smith
18%
No matching quizzes found
Score Distribution
Percent of People with Each Score
Percentile by Number Answered
Your Score History
You have not taken this quiz since the last reset